00705nam a2200241 a 4500001001300000003000900013005001700022008004100039020001100080082001500091100003300106245002200139260003800161300000900199500003500208505002100243650002500264700003300289902000800322942000700330952011100337999001500448nice12345678IN_TiNIC20260116011923.0050524s1970 dela grp 000 0 urd  ac2.7500a297.5bSUL aSuleman, Mohammad Farkhabadi aTalimat-E-Nabawi. aDelhibJamal Printing Pressc1970 a160p aincludes index and biblioraphy2 abibl, Ref. Index aIslam-Moral Theology1 aSuleman, Mohammad Farkhabadi bSRS cBK 001040708StackRoom-aHMIbHMId2007-07-04g2.75l0o297.5 SULp09276r2007-07-04v2.75w2005-05-24yBK c4912d4912